000 00567nam a2200193Ia 4500
003 OSt
005 20260128100238.0
008 250729s2005 xx 000 0 und d
040 _cAL
041 _akan
082 _a930.7 MURV
100 _aಮೂರ್ತಿ ಎಂ ಸಿ
_9227997
245 _aವಿಷಯಾಧಾರಿತ ಬೋಧನಾ ವಿಧಾನ ಇತಿಹಾಸ ಮತ್ತು ಪೌರನೀತಿ
260 _aಗದಗ
_c2005
300 _a339p
650 _aHistory
_9227998
700 _aಮೂo Digumurthi
_9227999
942 _2ddc
_cBED
999 _c237846
_d237846